[Event "Ruhrgebiet Verbandsklasse Gruppe 3 1617"]
[Site "Germany"]
[Date "2016.10.30"]
[Round "3.3"]
[White "Riese, Manfred"]
[Black "Delvos, Thorsten"]
[Result "1/2-1/2"]
[WhiteElo "1829"]
[BlackElo "1964"]
[PlyCount "69"]
[EventDate "2016.09.04"]
[EventType "team-tourn"]
[EventRounds "9"]
[EventCountry "GER"]
[SourceTitle "EXT 2022"]
[Source "ChessBase"]
[SourceDate "2021.10.06"]
[SourceVersion "1"]
[SourceVersionDate "2021.10.06"]
[SourceQuality "1"]
[WhiteTeam "Muelheim SC"]
[BlackTeam "Mengede SG"]
[WhiteTeamCountry "GER"]
[BlackTeamCountry "GER"]

1. c4 e5 2. g3 Nf6 3. Bg2 c6 4. Nc3 d5 5. cxd5 cxd5 6. d4 e4 7. Bg5 Be7 8. e3 Be6 9. Nge2 Nc6 10. 0-0 Qd7 11. Nf4 0-0 12. Rc1 Rac8 13. Bxf6 Bxf6 14. Qb3 Rfd8 15. h3 Bg5 16. Nxe6 fxe6 17. h4 Bh6 18. Rfd1 Rf8 19. Bh3 Rce8 20. Na4 Qd6 21. Qa3 Qb8 22. Nc5 Rxf2 23. Kxf2 Rf8+ 24. Ke2 Qxg3 25. Bxe6+ Kh8 26. Nxe4 Qg2+ 27. Kd3 Qxe4+ 28. Ke2 Qf3+ 29. Kd3 Qxe3+ 30. Kc2 Qe4+ 31. Kb3 Rf3+ 32. Rc3 Rxc3+ 33. bxc3 Qxe6 34. Qf8+ Qg8 35. Rf1 1/2-1/2

[Event "Ruhrgebiet Verbandsklasse Gruppe 1 1415"]
[Site "Germany"]
[Date "2015.04.26"]
[Round "9.3"]
[White "Kuckelkorn, Joerg"]
[Black "Delvos, Thorsten"]
[Result "0-1"]
[WhiteElo "1812"]
[BlackElo "1977"]
[PlyCount "94"]
[EventDate "2014.09.21"]
[EventType "team-tourn"]
[EventRounds "9"]
[EventCountry "GER"]
[SourceTitle "EXT 2022"]
[Source "ChessBase"]
[SourceDate "2021.10.06"]
[SourceVersion "1"]
[SourceVersionDate "2021.10.06"]
[SourceQuality "1"]
[WhiteTeam "Oberhausen SW"]
[BlackTeam "Mengede SG"]
[WhiteTeamCountry "GER"]
[BlackTeamCountry "GER"]

1. e4 c5 2. Nf3 Nc6 3. d4 cxd4 4. Nxd4 Nf6 5. Nc3 e5 6. Ndb5 d6 7. Bg5 a6 8. Na3 b5 9. Nd5 Be7 10. Bxf6 Bxf6 11. c3 Ne7 12. Nc2 Nxd5 13. exd5 0-0 14. a4 bxa4 15. Rxa4 a5 16. Bd3 Qb6 17. 0-0 Qxb2 18. Qa1 Qxa1 19. Rfxa1 e4 20. Bxe4 Bxc3 21. Rb1 Bd7 22. Rc4 Rab8 23. Ne3 Rxb1+ 24. Bxb1 Rc8 25. Bc2 Rxc4 26. Nxc4 Bb4 27. Nb6 Bb5 28. Ba4 Bd3 29. Bc6 f5 30. Na4 Kf7 31. Nb2 Be2 32. Na4 Bd2 33. Nb6 f4 34. Nc8 Bb4 35. Nb6 Kf6 36. Nd7+ Kf5 37. Nb6 Ke5 38. Nd7+ Kf5 39. Nb6 Ke4 40. Nd7 Bd1 41. f3+ Kd3 42. Kf1 a4 43. Bb5+ Kd2 44. Nb6 a3 45. Bc4 Be2+ 46. Bxe2 a2 47. Nc4+ Kc3 0-1

[Event "NRW Verbandsklasse Group2 1314"]
[Site "Nordrheinwestfalen"]
[Date "2013.09.08"]
[Round "1.2"]
[White "Delvos, Thorsten"]
[Black "Babar, Michael"]
[Result "1/2-1/2"]
[WhiteElo "1970"]
[BlackElo "2073"]
[PlyCount "55"]
[EventDate "2013.09.08"]
[EventType "team-tourn"]
[EventRounds "9"]
[EventCountry "GER"]
[SourceTitle "EXT 2020"]
[Source "ChessBase"]
[SourceDate "2019.10.17"]
[SourceVersion "1"]
[SourceVersionDate "2019.10.17"]
[SourceQuality "1"]
[WhiteTeam "Mengede SG"]
[BlackTeam "Dortmund Hansa III"]
[WhiteTeamCountry "GER"]
[BlackTeamCountry "GER"]

1. d4 Nf6 2. c4 e6 3. Nf3 Bb4+ 4. Bd2 Qe7 5. a3 Bxd2+ 6. Nbxd2 d6 7. g3 0-0 8. Bg2 e5 9. e4 Nc6 10. d5 Nd8 11. 0-0 Ne8 12. Ne1 f5 13. exf5 Bxf5 14. Be4 Qd7 15. Ng2 Nf6 16. f3 Nf7 17. Bxf5 Qxf5 18. Qb1 Qh5 19. Ne3 Rae8 20. Qf5 Ng5 21. Qc2 Nf7 22. Rae1 Ng5 23. b3 Qh3 24. Rf2 Qd7 25. Kg2 Qh3+ 26. Kg1 Qd7 27. Kg2 Qh3+ 28. Kg1 1/2-1/2

[Event "Ruhrgebiet VK1 0910"]
[Site "Ruhrgebiet"]
[Date "2010.02.21"]
[Round "7.6"]
[White "Delvos, Thorsten"]
[Black "Mittelbachert, Ulrich"]
[Result "1/2-1/2"]
[WhiteElo "1907"]
[BlackElo "1967"]
[PlyCount "47"]
[EventDate "2009.09.06"]
[EventType "team"]
[EventRounds "9"]
[EventCountry "GER"]
[SourceTitle "EXT 2011"]
[Source "ChessBase"]
[SourceDate "2010.11.26"]
[SourceVersion "1"]
[SourceVersionDate "2010.11.26"]
[SourceQuality "1"]
[WhiteTeam "Mengede SG"]
[BlackTeam "Castrop Rauxel II"]
[WhiteTeamCountry "GER"]
[BlackTeamCountry "GER"]

1. d4 d6 2. c4 e5 3. d5 f5 4. Nc3 Nf6 5. Bg5 Be7 6. Bxf6 Bxf6 7. e4 0-0 8. exf5 Bxf5 9. f3 Nd7 10. Ne4 Bxe4 11. fxe4 Nc5 12. Bd3 Bh4+ 13. g3 Qf6 14. Nh3 Qg6 15. Qe2 Bxg3+ 16. hxg3 Qxg3+ 17. Kd2 Rf3 18. Bc2 Raf8 19. Rag1 Qh4 20. Kd1 Rxh3 21. Qg2 Qh5+ 22. Ke1 Qh4+ 23. Kd1 Qh5+ 24. Ke1 1/2-1/2

[Event "Ruhrgebiet VK1 0910"]
[Site "Ruhrgebiet"]
[Date "2009.09.06"]
[Round "1.6"]
[White "Heinrichs, Maximilian"]
[Black "Delvos, Thorsten"]
[Result "0-1"]
[WhiteElo "1796"]
[BlackElo "1907"]
[PlyCount "76"]
[EventDate "2009.09.06"]
[EventType "team"]
[EventRounds "9"]
[EventCountry "GER"]
[SourceTitle "EXT 2011"]
[Source "ChessBase"]
[SourceDate "2010.11.26"]
[SourceVersion "1"]
[SourceVersionDate "2010.11.26"]
[SourceQuality "1"]
[WhiteTeam "Hervest Dorsten"]
[BlackTeam "Mengede SG"]
[WhiteTeamCountry "GER"]
[BlackTeamCountry "GER"]

1. d4 f5 2. c4 g6 3. Nc3 Bg7 4. Nf3 Nf6 5. Bf4 0-0 6. e3 d6 7. Qb3 Qe8 8. Nb5 Na6 9. c5+ Kh8 10. cxd6 cxd6 11. Be2 Bd7 12. 0-0 Ne4 13. h3 e5 14. Bh2 g5 15. Rad1 Bc6 16. Nd2 Nxd2 17. Rxd2 Qg6 18. Rc1 f4 19. Na3 Rab8 20. Bxa6 bxa6 21. Qc3 Bd7 22. b3 g4 23. hxg4 Rbc8 24. Qb2 Rxc1+ 25. Qxc1 fxe3 26. fxe3 exd4 27. Qe1 d3 28. Nb1 Bxg4 29. Bf4 Be2 30. Qc1 Rxf4 31. Rxe2 dxe2 32. exf4 Bd4+ 33. Kh2 Qe6 34. Qe1 Bf2 35. Qxf2 e1Q 36. Qd4+ Kg8 37. Qd3 Qh4+ 38. Kg1 Qee1+ 0-1

[Event "Ruhrgebiet VK2 0708"]
[Site "Germany"]
[Date "2008.02.17"]
[Round "6.4"]
[White "Bremer, Joachim"]
[Black "Delvos, Thorsten"]
[Result "1/2-1/2"]
[WhiteElo "1806"]
[BlackElo "1938"]
[PlyCount "120"]
[EventDate "2007.09.16"]
[EventType "team"]
[EventRounds "9"]
[EventCountry "GER"]
[SourceTitle "EXT 2009"]
[Source "ChessBase"]
[SourceDate "2008.11.26"]
[SourceVersion "1"]
[SourceVersionDate "2008.11.26"]
[SourceQuality "1"]
[WhiteTeam "Altstadt RE II"]
[BlackTeam "Mengede SG"]
[WhiteTeamCountry "GER"]
[BlackTeamCountry "GER"]

1. c4 f5 2. Nc3 Nf6 3. d4 g6 4. g3 Bg7 5. Bg2 0-0 6. Nf3 d6 7. 0-0 Qe8 8. Qb3 e5 9. c5+ Kh8 10. cxd6 cxd6 11. Nb5 Qe7 12. Qa3 e4 13. Nh4 Ne8 14. f4 Bd7 15. Nc3 Bxd4+ 16. e3 Bg7 17. Rd1 Bc6 18. Bf1 Nd7 19. b4 b6 20. Bb2 Ndf6 21. b5 Bd7 22. Bc4 Be6 23. Bd5 Nxd5 24. Nxd5 Bxd5 25. Rxd5 Nc7 26. Rd2 Nxb5 27. Qb4 Bxb2 28. Qxb2+ Qg7 29. Rad1 Nc3 30. Re1 Rfd8 31. Rd4 Rac8 32. Kf2 Rc5 33. Qb3 Nb5 34. Rd2 Qc3 35. Qd1 d5 36. Ng2 Nc7 37. Ree2 Ne6 38. Rc2 Qa3 39. Qa1+ Kg8 40. Qf6 Re8 41. Nh4 Qa4 42. Rcd2 Qd7 43. g4 Qg7 44. Qxg7+ Nxg7 45. gxf5 Nxf5 46. Nxf5 gxf5 47. Rd4 Kf7 48. Red2 Ke6 49. Rb2 Rec8 50. Rbd2 b5 51. a4 bxa4 52. Rxa4 Rc2 53. Ke2 R8c7 54. Ra6+ R2c6 55. Ra5 Rd7 56. Kf2 a6 57. Ke2 Rdd6 58. Kf2 Rb6 59. Rda2 Kd7 60. Ke2 Ke7 1/2-1/2

[Event "Ruhrgebiet VK2 0708"]
[Site "Germany"]
[Date "2007.12.09"]
[Round "4.3"]
[White "Grube, Frank"]
[Black "Delvos, Thorsten"]
[Result "0-1"]
[WhiteElo "2050"]
[BlackElo "1938"]
[PlyCount "46"]
[EventDate "2007.09.16"]
[EventType "team"]
[EventRounds "9"]
[EventCountry "GER"]
[SourceTitle "EXT 2009"]
[Source "ChessBase"]
[SourceDate "2008.11.26"]
[SourceVersion "1"]
[SourceVersionDate "2008.11.26"]
[SourceQuality "1"]
[WhiteTeam "Unna SV"]
[BlackTeam "Mengede SG"]
[WhiteTeamCountry "GER"]
[BlackTeamCountry "GER"]

1. d4 f5 2. h3 Nf6 3. g4 d5 4. Qd3 g6 5. g5 Ne4 6. Bg2 c5 7. c3 Nc6 8. Nf3 Bg7 9. Na3 0-0 10. Bf4 Qb6 11. Qb5 cxd4 12. cxd4 Nxd4 13. Qxb6 axb6 14. Nxd4 Bxd4 15. 0-0-0 e5 16. Bxe4 dxe4 17. e3 exf4 18. Rxd4 fxe3 19. fxe3 Be6 20. Kb1 f4 21. Rd6 Rae8 22. Rxb6 f3 23. Rd6 f2 0-1

[Event "Ruhrgebiet VL1 0405"]
[Site "Ruhrgebiet"]
[Date "2004.11.07"]
[Round "3.5"]
[White "Nowicki, Christian"]
[Black "Delvos, Thorsten"]
[Result "1/2-1/2"]
[WhiteElo "1953"]
[BlackElo "1940"]
[PlyCount "48"]
[EventDate "2004.09.12"]
[EventType "team"]
[EventRounds "9"]
[EventCountry "GER"]
[SourceTitle "EXT 2006"]
[Source "ChessBase"]
[SourceDate "2005.11.24"]
[SourceVersion "1"]
[SourceVersionDate "2005.11.24"]
[SourceQuality "1"]
[WhiteTeam "Laeufer Wanne Eickel"]
[BlackTeam "Mengede SG"]
[WhiteTeamCountry "GER"]
[BlackTeamCountry "GER"]

1. e4 c5 2. Nc3 Nc6 3. g3 d6 4. Bg2 g6 5. d3 Bg7 6. Be3 Nf6 7. Nge2 0-0 8. 0-0 Bd7 9. h3 Qb8 10. a4 a6 11. Qd2 Qc8 12. Kh2 b5 13. axb5 axb5 14. Bh6 Bxh6 15. Qxh6 Nd4 16. Qc1 b4 17. Nxd4 bxc3 18. Nb3 cxb2 19. Qxb2 c4 20. dxc4 Qxc4 21. e5 Ne4 22. exd6 Nxd6 23. Qe5 Bb5 24. Nd4 Qc3 1/2-1/2

[Event "Ruhrgebiet VL2 0304"]
[Site "Ruhrgebiet"]
[Date "2004.01.11"]
[Round "5.5"]
[White "Schmidt, Ingo"]
[Black "Delvos, Thorsten"]
[Result "0-1"]
[WhiteElo "1990"]
[BlackElo "1922"]
[PlyCount "64"]
[EventDate "2003.09.28"]
[EventType "team"]
[EventRounds "9"]
[EventCountry "GER"]
[SourceTitle "EXT 2007"]
[Source "ChessBase"]
[SourceDate "2006.11.23"]
[SourceVersion "1"]
[SourceVersionDate "2006.11.23"]
[SourceQuality "1"]
[WhiteTeam "Hamm 45/58"]
[BlackTeam "Mengede SG"]
[WhiteTeamCountry "GER"]
[BlackTeamCountry "GER"]

1. e4 c5 2. Nf3 Nc6 3. d4 cxd4 4. Nxd4 Nf6 5. Nc3 e5 6. Ndb5 d6 7. Bg5 a6 8. Na3 b5 9. Nd5 Be7 10. Nxe7 Nxe7 11. Bxf6 gxf6 12. Qf3 f5 13. exf5 Bxf5 14. Bd3 Be6 15. 0-0 0-0 16. c4 f5 17. Rfd1 Ng6 18. cxb5 d5 19. Bf1 e4 20. Qc3 Rc8 21. Qd4 Qg5 22. bxa6 f4 23. Nc4 Nh4 24. Nd2 Nxg2 25. Kh1 f3 26. Nxe4 dxe4 27. Qxe4 Rce8 28. Bd3 Qh6 29. Rg1 Rf4 30. Qe5 Qxh2+ 31. Kxh2 Rh4+ 32. Kg3 Rh3# 0-1